| 000 | 00615nam a2200181 a 4500 | ||
|---|---|---|---|
| 008 | 080109s1983 ||||||||||||||||| || u | ||
| 020 | _a0333340213 | ||
| 050 | _aHD 38 New | ||
| 100 | _aMachin, John L. J | ||
| 245 | 1 | 0 |
_aNew perspective in management control _cedited by Tony Lowe |
| 260 |
_aLondon _bMacmillan _c1983 |
||
| 300 | _axiii, 316p. : ill. | ||
| 350 | _a0.00 | ||
| 650 | _aMANAGEMENT CONTROL | ||
| 650 | 0 | _aMANAGEMENT | |
| 700 | _aLowe, Tony | ||
| 995 |
_D0.00 _FCBU-MAIN LIBRARY (Kitwe) _H1 _I33.00 _M1 _UAVAILABLE _ZAnnex Low-Usage Collection |
||
| 999 |
_c52175 _d52175 |
||